| 000 | 00561nam a2200181Ki 4500 | ||
|---|---|---|---|
| 040 | _cGPO | ||
| 082 | _a333 JAY 2019 C106 Or. | ||
| 100 | 1 | _aDianda, Marcella R | |
| 245 | 1 | 0 |
_aVision and reality : _ba first-year look at California's charter schools / |
| 300 | _a1 v | ||
| 500 | _aDistributed to depository libraries in microfiche | ||
| 500 | _aShipping list numbers: 95-0310-M | ||
| 650 | 0 | _aFree schools | |
| 650 | 0 | _aSchool-based management | |
| 700 | 1 | _aCorwin, Ronald G | |
| 710 | 2 | _aEducational Resources Information Center (U.S.) | |
| 942 | _cAEDBB | ||
| 999 |
_c20838 _d20838 |
||